Marvel Heroes by Real Name #3 - Statistics

General Stats
  • This quiz has been taken 23 times
  • The average score is 9 of 25
Answer Stats
Name Answer % Correct
Steven "Steve" Rogers Captain America
100%
Wanda Maximoff Scarlet Witch
90%
Francis "Frank" Castle Punisher
76%
Jennifer Walters She-Hulk
76%
Blackagar Boltagon Black Bolt
67%
Agatha Harkness Agatha Harkness
57%
Bill Beta-Ray Bill
48%
James "Jimmy" Woo Jimmy Woo/Agent Woo
48%
Doreen Green Squirrel Girl
43%
Rom the Spaceknight
43%
Lemar Hoskin Battlestar
38%
Lorna Dane Polaris
38%
Elijah Bradley Patriot
33%
Kingo Sunen Kingo
29%
Lunella Lafayette Moon-Girl
29%
Pavitr Prabhakar Spider-Man India
29%
none; bonded to Rick Sheridan (civilian "identity") Sleepwalker
14%
DeMarr Davis Doorman
10%
Bonita Juarez Firebird
10%
James Bradley Doctor Nemesis
5%
Melati Kusuma Komodo
5%
Arthur Centino (some versions) Longshot
5%
Eden Fesi Manifold
5%
Mary Mitchell Sun Girl
5%
Simon Walterson Throg
5%
No matching quizzes found
Score Distribution
Percent of People with Each Score
Percentile by Number Answered
Your Score History
You have not taken this quiz